The sketch book of dogs ; 116 drawings of all recognized breeds /

Bibliographic Details
Main Author: Worden, Felice
Format: Book
Language:English
Published: New York : B. Ackerman, incorporated, [1945]
Subjects:

MARC

Tag First Indicator Second Indicator Subfields
LEADER 00000cam a2200000 4500
001 in00000043691
005 20151007074945.0
008 750625s1945 nyua 00010 eng u
010 |a agr45000311  
035 |a (OCoLC)01411390 
035 |9 AAF2387AM 
040 |c DZM  |d TXA  |d UtOrBLW 
049 |a TXAM  |c [305968] 
050 0 0 |a SF430  |b .W6 
082 0 |a 636.7 
092 |a 636.7  |b W924s 
100 1 |a Worden, Felice. 
245 1 4 |a The sketch book of dogs ;  |b 116 drawings of all recognized breeds /  |c Text and drawings by Felice Worden. 
264 1 |a New York :  |b B. Ackerman, incorporated,  |c [1945] 
300 |a 127 unnumbered pages :  |b illustrations ;  |c 26 cm. 
336 |a text  |b txt  |2 rdacontent 
337 |a unmediated  |b n  |2 rdamedia 
338 |a volume  |b nc  |2 rdacarrier 
650 0 |a Dogs  |v Pictorial works. 
999 |a MARS 
999 f f |s 30874234-3527-3477-945f-b1cd27eb12be  |i 6de00969-272f-3a80-a484-cf529edeb68f  |t 0 
952 f f |p ric  |a Texas A&M University  |b Rellis Campus  |c Joint Library Facility  |d Remote Storage  |t 0  |e SF430 .W6  |h Library of Congress classification  |i unmediated -- volume  |m A14801093532 
998 f f |a SF430 .W6  |t 0  |l Remote Storage